[Event "SLO-chT1 Central 19th"]
[Site "Slovenia"]
[Date "2018.10.25"]
[Round "7.2"]
[White "Kremzer, Zdravko"]
[Black "Kosir, Pavla"]
[Result "1/2-1/2"]
[WhiteElo "1693"]
[BlackElo "1817"]
[PlyCount "32"]
[EventDate "2018.09.13"]
[EventType "team-tourn"]
[EventRounds "9"]
[EventCountry "SLO"]
[SourceTitle "EXT 2021"]
[Source "ChessBase"]
[SourceDate "2020.10.23"]
[SourceVersion "1"]
[SourceVersionDate "2020.10.23"]
[SourceQuality "1"]
[WhiteTeam "Bor Dob II"]
[BlackTeam "Kamnik DU"]
[WhiteTeamCountry "SLO"]
[BlackTeamCountry "SLO"]

1. e4 c5 2. Nf3 d6 3. Bc4 Nf6 4. d3 e6 5. Nc3 Be7 6. 0-0 a6 7. a3 0-0 8. d4 cxd4 9. Nxd4 b5 10. Bd3 Nbd7 11. Bd2 Bb7 12. Re1 Qc7 13. Qe2 Nc5 14. b4 Nb3 15. cxb3 Rac8 16. Rac1 Qb8 1/2-1/2

[Event "SLO-chT1 Central 19th"]
[Site "Slovenia"]
[Date "2018.10.04"]
[Round "4.2"]
[White "Sedlar, Tomo"]
[Black "Kosir, Pavla"]
[Result "1-0"]
[WhiteElo "1836"]
[BlackElo "1817"]
[PlyCount "75"]
[EventDate "2018.09.13"]
[EventType "team-tourn"]
[EventRounds "9"]
[EventCountry "SLO"]
[SourceTitle "EXT 2021"]
[Source "ChessBase"]
[SourceDate "2020.10.23"]
[SourceVersion "1"]
[SourceVersionDate "2020.10.23"]
[SourceQuality "1"]
[WhiteTeam "Trzin Menges"]
[BlackTeam "Kamnik DU"]
[WhiteTeamCountry "SLO"]
[BlackTeamCountry "SLO"]

1. d4 d5 2. c4 c6 3. Nc3 Bf5 4. Bf4 e6 5. e3 Bd6 6. Qb3 b6 7. Bg3 Bxg3 8. hxg3 Nf6 9. Nf3 h6 10. Ne5 Nfd7 11. Nxd7 Nxd7 12. cxd5 exd5 13. Qd1 Nf6 14. Bd3 Qd7 15. Qc2 Bxd3 16. Qxd3 0-0 17. 0-0 Rfe8 18. Rac1 Rac8 19. Rc2 g6 20. Rfc1 Kg7 21. Qa6 Re7 22. Ne2 Ne4 23. Nf4 Nd6 24. Nxd5 cxd5 25. Rxc8 Nxc8 26. Rxc8 Qf5 27. Rc1 h5 28. Qc8 Qe4 29. Qd8 Re6 30. Rc8 Kh6 31. Qf8+ Kg5 32. Qxf7 Qb1+ 33. Kh2 Qf5 34. Qxf5+ Kxf5 35. Kg1 Ke4 36. Rc3 g5 37. Kf1 g4 38. Ke2 1-0

[Event "SLO-chT Central 1st League 18th"]
[Site "Slovenia"]
[Date "2017.10.19"]
[Round "6.4"]
[White "Mihelic, Bojan"]
[Black "Kosir, Pavla"]
[Result "0-1"]
[WhiteElo "1683"]
[BlackElo "1856"]
[PlyCount "27"]
[EventDate "2017.09.14"]
[EventType "team-swiss"]
[EventRounds "9"]
[EventCountry "SLO"]
[SourceTitle "EXT 2022"]
[Source "ChessBase"]
[SourceDate "2021.10.06"]
[SourceVersion "1"]
[SourceVersionDate "2021.10.06"]
[SourceQuality "1"]
[WhiteTeam "Dom In Agencija Neprem"]
[BlackTeam "Kamnik DU"]
[WhiteTeamCountry "SLO"]
[BlackTeamCountry "SLO"]

1. b3 e5 2. Bb2 f6 3. e3 Ne7 4. Nc3 d5 5. d4 e4 6. Nge2 Bg4 7. h3 Bh5 8. Qd2 c6 9. Nf4 Bf7 10. Be2 Ng6 11. Bh5 Bd6 12. Nce2 Nxf4 13. Bxf7+ Kxf7 14. exf4 0-1

[Event "SLO-chT Central 1st League 18th"]
[Site "Slovenia"]
[Date "2017.10.12"]
[Round "5.3"]
[White "Kosir, Pavla"]
[Black "Krupenko, Peter"]
[Result "0-1"]
[WhiteElo "1856"]
[BlackElo "1631"]
[PlyCount "86"]
[EventDate "2017.09.14"]
[EventType "team-swiss"]
[EventRounds "9"]
[EventCountry "SLO"]
[SourceTitle "EXT 2022"]
[Source "ChessBase"]
[SourceDate "2021.10.06"]
[SourceVersion "1"]
[SourceVersionDate "2021.10.06"]
[SourceQuality "1"]
[WhiteTeam "Kamnik DU"]
[BlackTeam "Trzin Buscotrade II"]
[WhiteTeamCountry "SLO"]
[BlackTeamCountry "SLO"]

1. d4 d5 2. c4 c6 3. cxd5 cxd5 4. Nc3 Nc6 5. e3 Nf6 6. Bb5 Bf5 7. Nge2 e6 8. 0-0 Bd6 9. Ng3 Qc7 10. Bd2 h5 11. f4 Bg4 12. Nge2 g5 13. h3 gxf4 14. hxg4 fxe3 15. Rxf6 Bh2+ 16. Kf1 Ke7 17. g5 exd2 18. Qxd2 h4 19. Qe3 Nb4 20. Rc1 Qd6 21. a3 Nc6 22. Bd3 Rag8 23. Qf3 Rxg5 24. Rxf7+ Ke8 25. Nb5 Qd8 26. Nc7+ Bxc7 27. Bb5 Qd6 28. Qf6 Rf5+ 29. Qxf5 exf5 30. Rxf5 Rf8 31. Rxf8+ Qxf8+ 32. Ke1 Kd7 33. Rc5 Kd6 34. Nc3 Ne7 35. Be2 a6 36. Bf3 Bb6 37. Bxd5 Bxc5 38. dxc5+ Kxc5 39. Bxb7 Kb6 40. Bf3 h3 41. Ne2 h2 42. Ng3 Qf4 43. Kf2 Qxg3+ 0-1

[Event "SLO-chT Central 1st League 15th"]
[Site "Slovenia"]
[Date "2014.10.02"]
[Round "4.1"]
[White "Subelj, Jan"]
[Black "Kosir, Pavla"]
[Result "1/2-1/2"]
[WhiteElo "1653"]
[BlackElo "1900"]
[PlyCount "118"]
[EventDate "2014.09.11"]
[EventType "team-swiss"]
[EventRounds "9"]
[EventCountry "SLO"]
[SourceTitle "EXT 2022"]
[Source "ChessBase"]
[SourceDate "2021.10.06"]
[SourceVersion "1"]
[SourceVersionDate "2021.10.06"]
[SourceQuality "1"]
[WhiteTeam "Komenda Suma"]
[BlackTeam "Kamnik DU"]
[WhiteTeamCountry "SLO"]
[BlackTeamCountry "SLO"]

1. e4 c5 2. Nf3 d6 3. d4 cxd4 4. Nxd4 Nf6 5. Nc3 g6 6. Be3 Nc6 7. Ndb5 a6 8. Na3 b5 9. Nd5 Nxd5 10. exd5 Ne5 11. c4 bxc4 12. Nxc4 Nxc4 13. Bxc4 Bg7 14. 0-0 0-0 15. Qd2 Rb8 16. Bb3 a5 17. Rac1 Bd7 18. Rc2 a4 19. Bc4 Bf5 20. Bd3 Bxd3 21. Qxd3 Rxb2 22. Rxb2 Bxb2 23. Qb5 a3 24. Bh6 Bg7 25. Bc1 Qb8 26. Qe2 Qa7 27. Re1 Re8 28. Qb5 Rb8 29. Rxe7 Rxb5 30. Rxa7 Bb2 31. Bh6 f5 32. Ra8+ Kf7 33. Ra7+ Kf6 34. Bg7+ Kg5 35. h4+ Kxh4 36. Bf8 Be5 37. Rxh7+ Kg4 38. f3+ Kf4 39. Rh4+ Ke3 40. Bh6+ Kd3 41. f4 Bd4+ 42. Kh2 Rxd5 43. Rh3+ Be3 44. Rg3 Rb5 45. Rxg6 Bc5 46. Bf8 Rb6 47. Re6 Rb2 48. Bxd6 Bxd6 49. Rxd6+ Ke4 50. Ra6 Rxa2 51. Ra4+ Ke3 52. Kg3 Ra1 53. Kh4 Kf2 54. Kg5 Kxg2 55. Kxf5 a2 56. Kf6 Kf3 57. f5 Ke3 58. Ke7 Rf1 59. f6 a1Q 1/2-1/2

[Event "SLO-chT Central 1st League 15th"]
[Site "Slovenia"]
[Date "2014.09.18"]
[Round "2.1"]
[White "Kosir, Pavla"]
[Black "Vucko, Maja"]
[Result "0-1"]
[WhiteElo "1900"]
[BlackElo "1923"]
[PlyCount "108"]
[EventDate "2014.09.11"]
[EventType "team-swiss"]
[EventRounds "9"]
[EventCountry "SLO"]
[SourceTitle "EXT 2022"]
[Source "ChessBase"]
[SourceDate "2021.10.06"]
[SourceVersion "1"]
[SourceVersionDate "2021.10.06"]
[SourceQuality "1"]
[WhiteTeam "Kamnik DU"]
[BlackTeam "Podpec"]
[WhiteTeamCountry "SLO"]
[BlackTeamCountry "SLO"]

1. d4 d5 2. c4 c6 3. Nc3 Nf6 4. Bg5 e6 5. e3 Be7 6. Nf3 0-0 7. Rc1 h6 8. Bh4 dxc4 9. Bxc4 Nd5 10. Bxe7 Qxe7 11. 0-0 Rd8 12. a3 Nxc3 13. Rxc3 c5 14. Qc2 cxd4 15. Nxd4 Bd7 16. Ne2 Nc6 17. Ba2 a6 18. Bb1 g6 19. Ng3 Rac8 20. Rc1 f5 21. Qb3 b5 22. h3 Na5 23. Qb4 Qxb4 24. axb4 Nc6 25. Ne2 Nxb4 26. Rxc8 Rxc8 27. Rxc8+ Bxc8 28. g4 Bb7 29. gxf5 exf5 30. Nc3 Kg7 31. h4 Kf6 32. Kh2 g5 33. hxg5+ hxg5 34. Kg3 Nd5 35. Ne2 Ne7 36. f3 a5 37. Nd4 b4 38. Nb3 a4 39. Nc5 Bc6 40. e4 fxe4 41. fxe4 Ng6 42. Na6 b3 43. Nc5 Be8 44. Bd3 Ke5 45. Bb1 Kd6 46. Nd3 Ne5 47. Nf2 Nc4 48. Nd3 Nd2 49. e5+ Ke7 50. Kg4 Nxb1 51. Kxg5 Nd2 52. Kf5 Nc4 53. e6 Nxb2 54. Nxb2 a3 0-1

[Event "SLO-chT Central 1st League 14th"]
[Site "Slovenia"]
[Date "2013.11.28"]
[Round "9.1"]
[White "Kosir, Pavla"]
[Black "Hribar, Janez"]
[Result "1/2-1/2"]
[WhiteElo "1924"]
[BlackElo "2039"]
[PlyCount "38"]
[EventDate "2013.09.19"]
[EventType "team-swiss"]
[EventRounds "9"]
[EventCountry "SLO"]
[SourceTitle "EXT 2022"]
[Source "ChessBase"]
[SourceDate "2021.10.06"]
[SourceVersion "1"]
[SourceVersionDate "2021.10.06"]
[SourceQuality "1"]

1. d4 Nf6 2. c4 g6 3. Nc3 d5 4. cxd5 Nxd5 5. e4 Nxc3 6. bxc3 Bg7 7. Bc4 0-0 8. Ne2 c5 9. Be3 cxd4 10. cxd4 Qa5+ 11. Qd2 Nc6 12. Rd1 Qxd2+ 13. Rxd2 Na5 14. Bd3 b6 15. 0-0 Bb7 16. Rc1 Rac8 17. Rdc2 Rxc2 18. Rxc2 Rc8 19. Rxc8+ Bxc8 1/2-1/2

[Event "SLO-chT Central 1st League 14th"]
[Site "Slovenia"]
[Date "2013.11.14"]
[Round "7.1"]
[White "Kosir, Pavla"]
[Black "Kremzer, Zdravko"]
[Result "1/2-1/2"]
[WhiteElo "1924"]
[BlackElo "1738"]
[PlyCount "46"]
[EventDate "2013.09.19"]
[EventType "team-swiss"]
[EventRounds "9"]
[EventCountry "SLO"]
[SourceTitle "EXT 2022"]
[Source "ChessBase"]
[SourceDate "2021.10.06"]
[SourceVersion "1"]
[SourceVersionDate "2021.10.06"]
[SourceQuality "1"]

1. d4 Nf6 2. c4 c5 3. d5 b5 4. cxb5 a6 5. e3 axb5 6. Bxb5 Ba6 7. Bxa6 Nxa6 8. Nc3 g6 9. Nge2 Bg7 10. 0-0 0-0 11. Rb1 d6 12. a3 Qd7 13. f3 Rfb8 14. e4 Qc8 15. Be3 Nd7 16. Qc2 Ne5 17. Nd1 Rb7 18. h3 Rab8 19. f4 Nd7 20. b3 Qd8 21. Ndc3 Qc7 22. Na4 Rb5 23. Nec3 R5b7 1/2-1/2

[Event "SLO-chT qual 1st League (Women)"]
[Site "Ljubljana"]
[Date "2010.12.10"]
[Round "1.3"]
[White "Kosir, Pavla"]
[Black "Vidic, Teja"]
[Result "0-1"]
[WhiteElo "1944"]
[BlackElo "1765"]
[PlyCount "144"]
[EventDate "2010.12.10"]
[EventType "team-match"]
[EventRounds "2"]
[EventCountry "SLO"]
[SourceTitle "EXT 2019"]
[Source "ChessBase"]
[SourceDate "2018.10.10"]
[SourceVersion "1"]
[SourceVersionDate "2018.10.10"]
[SourceQuality "1"]
[WhiteTeam "Domzale (W)"]
[BlackTeam "Komenda (W)"]
[WhiteTeamCountry "SLO"]
[BlackTeamCountry "SLO"]

1. d4 Nf6 2. c4 e6 3. Nc3 c5 4. d5 exd5 5. cxd5 d6 6. e4 g6 7. Bd3 Bg7 8. Nge2 0-0 9. 0-0 a6 10. a4 Nbd7 11. Bf4 Qc7 12. Rc1 Rb8 13. Qd2 Nh5 14. Bh6 Ne5 15. Bxg7 Kxg7 16. b3 Bd7 17. Nd1 b5 18. axb5 Nxd3 19. Qxd3 Bxb5 20. Qc3+ Nf6 21. Re1 Qe7 22. f3 Kg8 23. Ng3 Nd7 24. Nf2 Qf6 25. Qxf6 Nxf6 26. Rc3 Rfe8 27. Ra1 Re7 28. Nd3 Nd7 29. Kf2 Nb6 30. Nb2 h5 31. Nc4 Bxc4 32. bxc4 Ra8 33. Nf1 Rea7 34. Ne3 Kf8 35. Rb3 Rb8 36. Ke2 Ke7 37. Kd3 Kd7 38. Nd1 Kc7 39. Nc3 Rba8 40. f4 Nd7 41. Na4 Re8 42. Re1 f5 43. h3 Rb7 44. Rxb7+ Kxb7 45. Re3 fxe4+ 46. Rxe4 Rxe4 47. Kxe4 Nb6 48. Nb2 a5 49. g4 hxg4 50. hxg4 a4 51. Nxa4 Nxa4 52. f5 gxf5+ 53. Kxf5 Nb6 54. g5 Nxc4 55. g6 Ne3+ 56. Ke6 Ng4 57. Kxd6 c4 58. g7 Nh6 59. Ke6 Kc8 60. Kf6 c3 61. Kg6 c2 62. Kxh6 c1Q+ 63. Kg6 Qg1+ 64. Kf6 Qf2+ 65. Kg6 Qg3+ 66. Kf6 Qf4+ 67. Kg6 Qe4+ 68. Kf7 Qxd5+ 69. Kf8 Qf5+ 70. Kg8 Kd7 71. Kh8 Qh5+ 72. Kg8 Ke6 0-1

[Event "SLO-chT Central 1st League 11th"]
[Site "Slovenia"]
[Date "2010.10.07"]
[Round "4.1"]
[White "Troha, Bogomir"]
[Black "Kosir, Pavla"]
[Result "1-0"]
[WhiteElo "1927"]
[BlackElo "1944"]
[PlyCount "70"]
[EventDate "2010.09.09"]
[EventType "team-tourn"]
[EventRounds "9"]
[EventCountry "SLO"]
[SourceTitle "EXT 2022"]
[Source "ChessBase"]
[SourceDate "2021.10.06"]
[SourceVersion "1"]
[SourceVersionDate "2021.10.06"]
[SourceQuality "1"]
[WhiteTeam "Trzin Buscotrade"]
[BlackTeam "Kamnik DU"]
[WhiteTeamCountry "SLO"]
[BlackTeamCountry "SLO"]

1. e4 c5 2. Nf3 d6 3. d4 cxd4 4. Nxd4 Nf6 5. Nc3 Nc6 6. Bc4 g6 7. Nxc6 bxc6 8. e5 Nd7 9. e6 fxe6 10. Bxe6 Nf6 11. Bb3 Bd7 12. 0-0 Qc7 13. Re1 d5 14. h3 e6 15. Bg5 Be7 16. Bh6 0-0-0 17. a4 Bf8 18. Bg5 Bg7 19. Qe2 Rde8 20. Be3 e5 21. Bc5 Qa5 22. Nb5 Ne4 23. Nd6+ Nxd6 24. Bxd6 Re6 25. Ba3 Rhe8 26. c4 d4 27. c5 R6e7 28. Bc4 e4 29. b4 Qc7 30. Rab1 d3 31. Qe3 Bc3 32. Red1 Qe5 33. Bc1 Rf8 34. Qh6 Rf5 35. Be3 Bd4 1-0

[Event "SLO-chT (Women)"]
[Site "Slovenia"]
[Date "2010.??.??"]
[Round "3"]
[White "Kosir, Pavla"]
[Black "Ursic, Mojca"]
[Result "1-0"]
[WhiteElo "1960"]
[BlackElo "1665"]
[PlyCount "130"]
[EventDate "2010.??.??"]
[EventType "team-tourn"]
[EventRounds "9"]
[EventCountry "SLO"]
[SourceTitle "EXT 2012"]
[Source "ChessBase"]
[SourceDate "2011.11.24"]
[SourceVersion "1"]
[SourceVersionDate "2011.11.24"]
[SourceQuality "1"]

1. c4 e5 2. Nc3 Nc6 3. b3 Nf6 4. Bb2 Be7 5. g3 0-0 6. Bg2 d6 7. Nf3 Be6 8. 0-0 Re8 9. d4 exd4 10. Nxd4 Bd7 11. e3 Qc8 12. Re1 Ne5 13. Nd5 Bh3 14. Bh1 Neg4 15. f3 Ne5 16. e4 Ng6 17. Ne2 Be6 18. Nef4 Nxf4 19. Nxf4 Kh8 20. Bg2 a6 21. Rc1 Qd7 22. Nd5 Rac8 23. Qd2 Rg8 24. Kh1 Rge8 25. f4 Bh3 26. Qd4 Bxg2+ 27. Kxg2 Ra8 28. Nxf6 Bxf6 29. e5 Qc6+ 30. Kf2 dxe5 31. fxe5 Rad8 32. Qc3 Qc5+ 33. Kf1 Bg5 34. Rcd1 Bh6 35. Kg2 Qc6+ 36. Qf3 Qxf3+ 37. Kxf3 Kg8 38. Rd5 g6 39. Red1 Rxd5 40. Rxd5 Bg7 41. Kf4 h6 42. g4 c6 43. Rd6 Bf8 44. Rd7 b5 45. h4 Bb4 46. h5 gxh5 47. gxh5 Be7 48. Kf5 Bg5 49. Rd6 bxc4 50. bxc4 Rb8 51. Bc3 Rb1 52. Rxc6 Rf1+ 53. Ke4 Rf4+ 54. Kd5 Rf3 55. Bb4 Rd3+ 56. Ke4 Re3+ 57. Kd4 Rf3 58. Rxa6 Rf4+ 59. Kd5 Rf1 60. Bd6 Rd1+ 61. Kc6 Rc1 62. c5 Re1 63. Kd7 f5 64. exf6 Bxf6 65. c6 Rc1 1-0

[Event "SLO-chT (Women)"]
[Site "Rogaska Slatina"]
[Date "2009.04.04"]
[Round "8"]
[White "Kosir, Pavla"]
[Black "Mihevc Mohr, Narcisa"]
[Result "1/2-1/2"]
[WhiteElo "1968"]
[BlackElo "2137"]
[PlyCount "67"]
[EventDate "2009.03.27"]
[EventType "team-tourn"]
[EventRounds "9"]
[EventCountry "SLO"]
[SourceTitle "CBM 129 Extra"]
[Source "ChessBase"]
[SourceDate "2009.05.05"]
[SourceVersion "2"]
[SourceVersionDate "2009.05.20"]
[SourceQuality "1"]

1. d4 Nf6 2. c4 g6 3. Nc3 Bg7 4. e4 d6 5. Bd3 Nc6 6. Nge2 0-0 7. 0-0 e5 8. d5 Nd4 9. f3 c5 10. dxc6 bxc6 11. Be3 Ne8 12. Qd2 f5 13. Bg5 Qd7 14. Nxd4 exd4 15. Ne2 Nc7 16. exf5 gxf5 17. Ng3 Qf7 18. Rae1 Ne6 19. f4 Nxg5 20. fxg5 f4 21. Ne4 Be5 22. h4 Kh8 23. b3 Bf5 24. Bb1 Qg7 25. Nf2 Bxb1 26. Rxb1 f3 27. Nd3 fxg2 28. Kxg2 Qd7 29. Qe2 Rxf1 30. Rxf1 Re8 31. Qf3 Bg7 32. Qf5 Re7 33. Kg1 Qxf5 34. Rxf5 1/2-1/2

[Event "SLO-chT (Women)"]
[Site "Ljubljana"]
[Date "2007.12.01"]
[Round "4.2"]
[White "Kosir, Pavla"]
[Black "Vucko, Maja"]
[Result "0-1"]
[WhiteElo "2002"]
[BlackElo "1976"]
[PlyCount "138"]
[EventDate "2007.11.29"]
[EventType "team"]
[EventRounds "9"]
[EventCountry "SLO"]
[SourceTitle "CBM 121 Extra"]
[Source "ChessBase"]
[SourceDate "2008.01.10"]
[SourceVersion "1"]
[SourceVersionDate "2008.01.10"]
[SourceQuality "1"]
[WhiteTeam "Domzale (W)"]
[BlackTeam "Murska Sobota (W)"]
[WhiteTeamCountry "SLO"]
[BlackTeamCountry "SLO"]

1. d4 d5 2. Bf4 c6 3. Nf3 Nf6 4. e3 e6 5. Nbd2 Be7 6. Bd3 Nbd7 7. c3 Nh5 8. Bg3 g6 9. Qc2 0-0 10. 0-0 Nxg3 11. hxg3 a6 12. c4 Bf6 13. cxd5 exd5 14. Rac1 Bg7 15. Nh4 Re8 16. Ndf3 Qe7 17. Rfe1 Qd6 18. b3 Nf8 19. Qc5 Qxc5 20. Rxc5 Ne6 21. Rcc1 Bd7 22. Ne5 Re7 23. f4 f5 24. Nhf3 Nd8 25. Kf2 Nf7 26. Nxf7 Kxf7 27. Rh1 h5 28. Ne5+ Bxe5 29. dxe5 Ke6 30. Rc2 b6 31. b4 a5 32. a3 axb4 33. axb4 Ra3 34. Rd2 c5 35. bxc5 bxc5 36. Rc1 c4 37. Be2 Bc6 38. Rxc4 Bb7 39. Rcd4 Rc7 40. R4d3 Ra5 41. Rb3 Rac5 42. Rdb2 Bc8 43. Rb6+ Kf7 44. Bd3 R7c6 45. Rxc6 Rxc6 46. Rc2 Rxc2+ 47. Bxc2 Bd7 48. Ke2 g5 49. Kd3 Bb5+ 50. Kd4 Bf1 51. Bxf5 Bxg2 52. fxg5 Bf3 53. Kc5 Ke7 54. g6 Bg2 55. Kd4 Bf3 56. Be4 Bxe4 57. g7 Kf7 58. Kc5 Kxg7 59. Kd6 Kf7 60. Kd7 Bf5+ 61. Kd6 Be6 62. Kc5 Ke7 63. Kd4 Bf7 64. e4 dxe4 65. Kxe4 Be6 66. Kf4 Bg4 67. Ke4 Ke6 68. Kf4 Kd5 69. e6 Bxe6 0-1

[Event "SLO-chT Central 1st League"]
[Site "Slovenija"]
[Date "2006.10.30"]
[Round "8"]
[White "Nadvesnik, Vilma"]
[Black "Kosir, Pavla"]
[Result "0-1"]
[WhiteElo "1937"]
[BlackElo "2002"]
[PlyCount "142"]
[EventDate "2006.09.14"]
[EventType "team-tourn"]
[EventRounds "9"]
[EventCountry "SLO"]
[SourceTitle "EXT 2022"]
[Source "ChessBase"]
[SourceDate "2021.10.06"]
[SourceVersion "1"]
[SourceVersionDate "2021.10.06"]
[SourceQuality "1"]
[WhiteTeam "Komenda Gaber"]
[BlackTeam "Kamnik DU"]
[WhiteTeamCountry "SLO"]
[BlackTeamCountry "SLO"]

1. e4 e5 2. Nf3 Nc6 3. Bb5 a6 4. Bc4 Nf6 5. 0-0 d6 6. d4 b5 7. dxe5 dxe5 8. Qxd8+ Nxd8 9. Bb3 Bd6 10. Re1 Bg4 11. Nfd2 0-0 12. Nf1 Re8 13. c3 Ne6 14. f3 Bh5 15. Ng3 Bg6 16. Nd2 Nf4 17. Ndf1 Nd3 18. Re2 Bc5+ 19. Be3 Bxe3+ 20. Nxe3 Rad8 21. Nd5 Nxd5 22. Bxd5 Nf4 23. Re3 Nxd5 24. exd5 Rxd5 25. Rae1 f6 26. Ne4 Red8 27. g4 Bxe4 28. Rxe4 Rd2 29. R4e2 Kf7 30. Kf2 c5 31. a3 c4 32. Ra1 Rd1 33. Rxd1 Rxd1 34. Kg3 h6 35. h4 Ke6 36. f4 Rd3+ 37. Kg2 Kd5 38. fxe5 fxe5 39. h5 e4 40. Rf2 Ke6 41. Rf4 Rd2+ 42. Kf1 Rxb2 43. Rxe4+ Kf6 44. a4 Rb3 45. Rd4 Rxc3 46. Rd6+ Kf7 47. Rxa6 b4 48. Rb6 b3 49. a5 Rc2 50. a6 Ra2 51. Rb7+ Kf6 52. a7 b2 53. Rxb2 Rxa7 54. Rb4 Rc7 55. Ke2 c3 56. Kd1 c2+ 57. Kc1 Rc5 58. Rb6+ Ke5 59. Rg6 Rc7 60. g5 hxg5 61. Rxg5+ Kf6 62. Rb5 Rc4 63. Rd5 Rc7 64. Rb5 Ke6 65. Rg5 Kf7 66. Rb5 Kg8 67. Rg5 Kh7 68. Rd5 Kh6 69. Rb5 Rc4 70. Rd5 Rh4 71. Kxc2 Rxh5 0-1

[Event "SLO-chT Central 1st League"]
[Site "Slovenija"]
[Date "2006.09.14"]
[Round "1"]
[White "Kosir, Franci"]
[Black "Kosir, Pavla"]
[Result "1-0"]
[WhiteElo "2138"]
[BlackElo "2002"]
[PlyCount "59"]
[EventDate "2006.09.14"]
[EventType "team-tourn"]
[EventRounds "9"]
[EventCountry "SLO"]
[SourceTitle "EXT 2022"]
[Source "ChessBase"]
[SourceDate "2021.10.06"]
[SourceVersion "1"]
[SourceVersionDate "2021.10.06"]
[SourceQuality "1"]
[WhiteTeam "Sahara Dogs"]
[BlackTeam "Kamnik DU"]
[WhiteTeamCountry "SLO"]
[BlackTeamCountry "SLO"]

1. e4 c5 2. Nf3 d6 3. d4 cxd4 4. Nxd4 Nf6 5. Nc3 Nc6 6. Bg5 e5 7. Nb3 Be6 8. Qd2 h6 9. Bh4 Rc8 10. 0-0-0 g5 11. Bg3 Nh5 12. Nb5 Nf4 13. Bxf4 gxf4 14. Kb1 Qb6 15. g3 fxg3 16. hxg3 a6 17. Nc3 Nb4 18. Bh3 Rd8 19. f4 Rg8 20. Bxe6 fxe6 21. Qh2 exf4 22. Qh5+ Ke7 23. gxf4 Qf2 24. Nd4 Nc6 25. Rhf1 Qg3 26. Nxc6+ bxc6 27. f5 exf5 28. Qxf5 Qg6 29. Qf2 c5 30. Nd5+ 1-0

[Event "SLO-chT (Women)"]
[Site "Bled"]
[Date "2005.11.05"]
[Round "4"]
[White "Kosir, Pavla"]
[Black "Ahmatovic, Mirela"]
[Result "0-1"]
[WhiteElo "2027"]
[BlackElo "1936"]
[PlyCount "58"]
[EventDate "2005.11.03"]
[EventType "team"]
[EventRounds "9"]
[EventCountry "SLO"]
[SourceTitle "CBM 109 Extra"]
[Source "ChessBase"]
[SourceDate "2006.01.03"]
[SourceVersion "2"]
[SourceVersionDate "2006.01.03"]
[SourceQuality "1"]

1. d4 d5 2. Bf4 Nf6 3. e3 e6 4. Nf3 c5 5. c3 Qb6 6. Qc2 Bd7 7. Be2 Bb5 8. 0-0 Bxe2 9. Qxe2 Be7 10. Ne5 0-0 11. b3 Ne4 12. f3 Nf6 13. Nd2 Nbd7 14. Nxd7 Nxd7 15. Kh1 Bf6 16. Rac1 Rfe8 17. Qd3 Rad8 18. Bg3 e5 19. dxc5 Nxc5 20. Qc2 e4 21. fxe4 dxe4 22. Nc4 Qe6 23. Rcd1 Rd3 24. Rxd3 exd3 25. Qd2 Rd8 26. Nd6 Rxd6 27. Bxd6 Qxd6 28. c4 Ne4 29. Qd1 d2 0-1